01121 2200181 4500001002100000005001500021035002000036245007100056100003100127250001700158300002800175260003900203082000800242084001400250020002200264650002100286520063200307INLIS00000000000074320241019080908 a0010-10240000361 aEnsiklopedia IPA :bBuku 6 Teknologi /cNurcahyawati Windri Astuti0 aNurcahyawati Windri Astuti aCetakan ke-1 a56 hlm :bIlus ;c25 cm aBekasi :bUranus publishing,c2011 a503 a503 NUR e a978-602-8637-31-2 4aEnsiklopedia ipa aIlmu pengetahuan alam adalah salah satu cabang ilmu yang seringkali menakutkan bagi anak-anak. Walaupun, sebenarnya belajar ilmu pengetahuan alam dapat dilihat atau dirasakan dari kehidupan sehari-hari. Banyak bertanya dan membaca adalah salah satu kunci untuk memahami pengetahuan. Maka dari itu, keenam ensiklopedia ilmu pengetahuan alam ini dibuat. Anak-anak dapat mempelajari bumi, angkasa dan tata Surya, hewan, tumbuhan, tubuh manusia, dan teknologi. Metode yang dibuat pun sangat sederhana, berupa pertanyaan dan jawaban disertai gambar-gambar yang menarik. Mempelajari ilmu pengetahuan alam kini tak lagi membosankan.